| Tag |
First Indicator |
Second Indicator |
Subfields |
| LEADER |
00000cam a2200000 a 4500 |
| 001 |
in00002575241 |
| 005 |
20151201152229.0 |
| 008 |
100120s2010 flua b 001 0 eng |
| 010 |
|
|
|a 2009053599
|
| 020 |
|
|
|a 9781420067118 (hardcover : alk. paper)
|
| 020 |
|
|
|a 1420067117 (hardcover : alk. paper)
|
| 035 |
|
|
|a (OCoLC)ocn156812739
|
| 035 |
|
|
|a (OCoLC)156812739
|
| 040 |
|
|
|a DLC
|c DLC
|d BTCTA
|d BAKER
|d YDXCP
|d C#P
|d BWX
|d UtOrBLW
|
| 049 |
|
|
|a TXAM
|
| 050 |
0 |
0 |
|a TK5103.52
|b .U54 2010
|
| 082 |
0 |
0 |
|a 681/.2
|2 22
|
| 245 |
0 |
0 |
|a Underwater acoustic sensor networks /
|c edited by Yang Xiao.
|
| 264 |
|
1 |
|a Boca Raton :
|b Auerbach Publications,
|c [2010]
|
| 264 |
|
4 |
|c ©2010
|
| 300 |
|
|
|a xv, 333 pages :
|b illustrations ;
|c 25 cm.
|
| 336 |
|
|
|a text
|b txt
|2 rdacontent
|
| 337 |
|
|
|a unmediated
|b n
|2 rdamedia
|
| 338 |
|
|
|a volume
|b nc
|2 rdacarrier
|
| 504 |
|
|
|a Includes bibliographical references and index.
|
| 650 |
|
0 |
|a Underwater acoustic telemetry.
|
| 650 |
|
0 |
|a Wireless sensor networks.
|
| 700 |
1 |
|
|a Xiao, Yang,
|d 1966-
|
| 938 |
|
|
|a Baker and Taylor
|b BTCP
|n BK0007321085
|
| 938 |
|
|
|a Baker & Taylor
|b BKTY
|c 89.95
|d 89.95
|i 1420067117
|n 0007321085
|s active
|
| 938 |
|
|
|a YBP Library Services
|b YANK
|n 3118980
|
| 938 |
|
|
|a Blackwell Book Service
|b BBUS
|n R8851157
|c $89.95
|
| 945 |
|
|
|a PromptCat
|b 19912
|
| 946 |
|
|
|a stk
|
| 947 |
|
|
|a A14840187695
|
| 994 |
|
|
|a 92
|b TXA
|
| 948 |
|
|
|a Cataloged
|b h
|c 2010/7/9
|d c
|e ibarton
|
| 999 |
|
|
|a MARS
|
| 999 |
f |
f |
|s ce85002e-8631-3e19-8323-b60bbc806ec8
|i 74673298-7c3a-3c1a-958d-881f4e07a13c
|t 0
|
| 952 |
f |
f |
|p normal
|a Texas A&M University
|b College Station
|c Sterling C. Evans Library
|d Evans: Library Stacks
|t 0
|e TK5103.52 .U54 2010
|h Library of Congress classification
|i unmediated -- volume
|m A14840187695
|
| 998 |
f |
f |
|a TK5103.52 .U54 2010
|t 0
|l Evans: Library Stacks
|